En quelle année est sortie ce titre ? - Spécial années 80/90 - Statistiques

Statistiques générales
  • Ce quiz a été pris 25 fois
  • Le résultat moyen est 9 sur 15
Statistiques - réponses
Question Réponse % Correct
Titre : Nuit de folie ; Interprète : Début de soirée 1989
89%
Titre : L'aventurier ; Interprète : Indochine 1982
78%
Titre : Take On Me ; Interprète : a-ha 1985
67%
Titre : The Show Must Go On ; Interprète : Queen 1991
67%
Titre : Je danse le MIA ; Interprète : IAM 1993
67%
Titre : Wannabe ; Interprète : Spice Girls 1996
67%
Titre : J't'emmène au vent ; Interprète : Louise Attaque 1997
67%
Titre : La tribu de Dana ; Interprète : Manau 1998
67%
Titre : Envole-moi ; Interprète : Jean-Jacques Goldman 1984
56%
Titre : Wake Me Up Before You Go-Go ; Interprète : Wham! 1984
56%
Titre : Tu m'oublieras ; Interprète : Larusso 1999
56%
Titre : Thriller ; Interprète : Michael Jackson 1982
44%
Titre : Partenaire particulier ; Interprète : Partenaire particulier 1985
44%
Titre : Les démons de minuit ; Interprète : Images 1987
22%
Titre : Je te promets ; Interprète : Johnny Hallyday 1987
22%
Aucun quiz correspondant
Distribution des résultats
% des personnes avec chaque résultat
Percentile par nombre de réponses
Votre historique - résultats
Vous n’avez pas pris ce quiz